[Event "AUT -U16B"]
[Site "Koestendorf"]
[Date "1998.04.10"]
[Round "7.7"]
[White "Kutschker, Roman"]
[Black "Wolfram, Bernd"]
[Result "0-1"]
[WhiteElo "1706"]
[BlackElo "1791"]
[PlyCount "68"]
[EventDate "1998.04.04"]
[Source "A. Burger"]
[SourceDate "1998.04.10"]

1. c4 e5 2. Nc3 d6 3. e3 g6 4. Nge2 Bg7 5. g3 Nc6 6. Bg2 Nge7 7. O-O O-O 8. a3
a5 9. b3 f5 10. d4 Bd7 11. Bb2 Qc8 12. Qd2 g5 13. dxe5 Nxe5 14. f4 Nf7 15. e4
gxf4 16. Nxf4 Ne5 17. Ncd5 Qd8 18. Nxe7+ Qxe7 19. exf5 Bxf5 20. Bxb7 Rab8 21.
Bd5+ Kh8 22. Qe3 Nf3+ 23. Qxf3 Bxb2 24. Rae1 Qg7 25. Kg2 Bxa3 26. Rf2 Bb2 27.
Be6 Bc3 28. Ree2 Bxe6 29. Rxe6 Be5 30. Qe4 Bxf4 31. Rxf4 Rxf4 32. Qxf4 Rf8 33.
Qd2 33... Qf7 {} 34. Qe3 Qf1# 0-1

[Event "AUT -U16B"]
[Site "Koestendorf"]
[Date "1998.04.10"]
[Round "7.8"]
[White "Blocher, Joachim"]
[Black "Unterlass, Fabian"]
[Result "1-0"]
[WhiteElo "1767"]
[BlackElo "1830"]
[PlyCount "42"]
[EventDate "1998.04.04"]
[Source "A. Burger"]
[SourceDate "1998.04.10"]

1. d4 Nf6 2. c4 e6 3. Nf3 d5 4. Nc3 Bb4 5. Bg5 O-O 6. e3 Nbd7 7. Bd3 Bxc3+ 8.
bxc3 Nb6 9. cxd5 exd5 10. O-O Bg4 11. Qc2 h6 12. Bxf6 Qxf6 13. Ne5 Be6 14. f4
c6 15. Rf3 c5 16. f5 Bc8 17. Raf1 c4 18. Be2 Re8 19. Rg3 {} 19... Rxe5 20.
dxe5 Qxe5 21. f6 g6 1-0